| 000 | 01304nam a22001457a 4500 | ||
|---|---|---|---|
| 999 |
_c517932 _d517932 |
||
| 008 | 210804b ||||| |||| 00| 0 eng d | ||
| 100 |
_aBanerjee, Abhijit, et al _928282 |
||
| 245 | _aImproving police performance in Rajasthan, India: Experimental evidence on incentives, managerial autonomy, and training | ||
| 260 | _aAmerican Economic Journal: Economic Policy | ||
| 300 | _a13(1), Feb, 2021: p.36-66 | ||
| 520 | _aManagement matters for firms, but what practices are optimal in hierarchical government organizations? And can skilled managers identify them? A large-scale randomized trial conducted with the police of Rajasthan, India, tested four interventions recommended by senior police officers: limitations of transfers, rotation of duties and days off, increased community involvement, and on-duty training. Field experience motivated a fifth intervention: "decoy" visits by enumerators to register cases, incentivizing staff to improve service. Only training and decoy visits had robust impacts; others were poorly implemented and ineffective. Management reforms can improve policing, but even skilled leaders struggle to identify the optimal interventions. – Reproduced | ||
| 773 | _aAmerican Economic Journal: Economic Policy | ||
| 906 | _aPOLICE - TRAINING - INDIA | ||
| 942 | _cAR | ||